000 00835nam a2200229 a 4500
001 19160
003 CO-ViMGA
008 141112s2004 ck r 000 u spa d
020 _a9586823202
040 _aCO-ViMGA
_bspa
_cCO-ViMGA
082 0 4 _a338.9 N124c
110 _aNaciones Unidas Comision Ecónomica para América Latina y el Caribe (CEPAL)
_927461
245 1 0 _aCrecer con estabilidad :
_bel financiamiento del desarrollo en el nuevo contexto internacional
260 _aBogotá :
_bAlfaomega; 2001
300 _a156 p.
490 _aEconomía de América Latina
590 _aForma de adquisición : Proyecto 2005 - - Precio :
_27.000
650 1 4 _aDESARROLLO ECONOMICO
_954125
650 1 4 _aFINANCIAMIENTO DEL DESARROLLO - América LATINA
_927462
650 1 4 _aMERCADO FINANCIERO INTERNACIONAL
_927463
942 _2ddc
_cBK
999 _c28322
_d28322